书目信息 |
| 题名: |
野生动植物标本制作
|
|
| 作者: | 肖方 编著 | |
| 分册: | ||
| 出版信息: | 北京 科学出版社 2003.02 |
|
| 页数: | 515页 | |
| 开本: | 20cm | |
| 丛书名: | ||
| 单 册: | ||
| 中图分类: | Q-34 | |
| 科图分类: | ||
| 主题词: | 生物--标本--采集 , 生物--标本--制备 | |
| 电子资源: | ||
| ISBN: | 7-03-007202-2 | |
| 000 | 00583nam0 2200205 45 | |
| 001 | 0334536121 | |
| 005 | 20151222095855.84 | |
| 010 | @a7-03-007202-2@dCNY 32.00 | |
| 100 | @a20030403d2003 km y0chiy0120 ea | |
| 101 | 0 | @achi |
| 102 | @aCN@b110000 | |
| 200 | 1 | @a野生动植物标本制作@Aye sheng dong zhi wu biao ben zhi zuo@f肖方编著@FXiao Fang Bian Zhu |
| 210 | @a北京@c科学出版社@d2003.02 | |
| 215 | @a515页@d20cm | |
| 606 | 0 | @a生物@x标本@x采集 |
| 606 | 0 | @a生物@x标本@x制备 |
| 690 | @aQ-34@v3 | |
| 701 | 0 | @a肖方@AXiao Fang@4编著 |
| 801 | 0 | @aCN@bPFT@c20030403 |
| 905 | @dQ-34@eX291 | |
| 野生动植物标本制作/肖方编著.-北京:科学出版社,2003.02 |
| 515页;20cm |
| ISBN 7-03-007202-2:CNY 32.00 |
| ● |
| 相关链接 |
|
|
|
正题名:野生动植物标本制作
索取号:Q-34/X291
 
预约/预借
| 序号 | 登录号 | 条形码 | 馆藏地/架位号 | 状态 | 备注 |
| 1 | 1235299 | 212352997 | 生命科学与工程学院资料室/ [索取号:Q-34/X291] | 在馆 | |
| 2 | 371941 | 203719413 | 生命科学与工程学院资料室/ [索取号:Q-34/X291] | 在馆 | |
| 3 | 371942 | 203719422 | 生命科学与工程学院资料室/ [索取号:Q-34/X291] | 在馆 |